Huída /
Gardado en:
| Autor Principal: | |
|---|---|
| Formato: | Desconocido |
| Idioma: | Spanish |
| Materias: | |
| Etiquetas: |
Engadir etiqueta
Sen Etiquetas, Sexa o primeiro en etiquetar este rexistro!
|
MARC
| LEADER | 000000000a22000000004500 | ||
|---|---|---|---|
| 001 | 006992 | ||
| 041 | 0 | |a spa | |
| 100 | 1 | |a Bustos Arratia, Myriam, |d 1933- | |
| 245 | 1 | 0 | |a Huída / |c Myriam Bustos Arratia. |
| 500 | |a Tomado del libro: El regreso de O.R. | ||
| 650 | 4 | |a LITERATURA CHILENA | |
| 650 | 4 | |a LITERATURA COSTARRICENSE | |
| 650 | 4 | |a CUENTOS | |
| 773 | 0 | |x 1013-9060 |d San José, Costa Rica : Editorial de la Universidad Nacional Estatal a Distancia |t Revista Nacional de Cultura |g número 25 (1994), páginas 57-59 | |
| 942 | |c ARC | ||
| 999 | |c 13113 |d 13113 | ||
